| 000 | 00495nam a2200169 a 4500 | ||
|---|---|---|---|
| 005 | 20140310183454.0 | ||
| 008 | 090804s19uu xx 00 eng d | ||
| 050 |
_aKF 1375.Z9 _b.N68 2007 |
||
| 100 | _aNottonson, Ira | ||
| 245 | _aForming a partnership and making it work. | ||
| 260 |
_aUnites States : _bEntrepreneur Press, _c2007. |
||
| 300 |
_a290 p. : _bill. ; _c25 cm. |
||
| 521 | _aMA | ||
| 650 |
_aPartnership _xUnited States _xPopular Works. |
||
| 942 |
_cBK _2lcc _kFOR |
||
| 999 |
_c23542 _d23542 |
||